01320cam a22003135i 450000100060000000300100000600500170001600700030003300800410003602000180007704000310009504100080012604300120013408200160014610000420016224501160020425000310032026400320035130000620038333600270044533700330047233800280050549000750053350000560060850002150066452100460087965000480092570000330097358556CO-BoRNBP20250826204738.0ta231227s2023 ck a gr 000 fdspa  a9786287672055 aCO-BoBNbspaerdacCO-BoBN0 aspa as-ck---04aCo863.52231 aEchavarría, Albeiro,d1963-,eautor10aClímaco Lupín y el secreto de las sandías gigantes /cAlbeiro Echavarría ; ilustraciones, Natalia Rojas aPrimera edición especial 1aBogotá :bLoqueleo,c2023 a191 páginas :bilustraciones en blanco y negro ;c20 cm aTextobtxt2rdacontent aSin mediaciónbn2rdamedia aVolumenbnc2rdacarrier0 aPlan Nacional de Lectura, Escritura y Oralidad / Ministerio de Cultura aIncluye datos biográficos del autor e ilustradora a"Edición especial. Colección de actualización bibliográfica para la Red Nacional de Bibliotecas Públicas del Ministerio de Cultura en el marco del Plan Nacional de Lectura, Escritura y Oralidad, 2023"1 aRecomendado para niños de 7 a 12 años14aNovela infantil colombianaySiglo XXI2LEMB1 aRojas, Natalia,eilustradora